Principles of supply chain management : a balanced approach

Bewaard in:
Bibliografische gegevens
Hoofdauteur:  Wisner, Joel D
Formaat: Sách
Taal:Undetermined
Gepubliceerd in:  Cengage  2016
Onderwerpen:
Tags: Voeg label toe
Geen labels, Wees de eerste die dit record labelt!
Thư viện lưu trữ: Trung tâm Thư viện - Trường Đại học Công nghiệp TP. Hồ Chí Minh
LEADER 00537nam a2200157Ia 4500
001 UIH_02664
008 231011s9999 xx 000 0 und d
082 |a  658.7 
100 |a  Wisner, Joel D 
245 0 |a  Principles of supply chain management : a balanced approach 
245 0 |c  Wisner, Joel D 
260 |b  Cengage 
260 |c  2016 
650 |a  Business logistics; Marketing channels; Kênh tiếp thị;  
927 |a Sách 
980 |a Trung tâm Thư viện - Trường Đại học Công nghiệp TP. Hồ Chí Minh